Businesses - North Side of Market Street, Loughborough (2021) - Statistics

General Stats
  • This quiz has been taken 6 times
  • The average score is 3 of 23
Answer Stats
Business % Correct
Costa Coffee
100%
Baobab Cafe
50%
Beirut Express
25%
Cancer Research UK
25%
Muzzy’s Turqoise Cafe
25%
Oxfam
25%
Rainbow
25%
Beauty Temple
0%
Cafe Ambience
0%
Ecigwizard
0%
Flawless CBD & Vape
0%
Look!
0%
Loughborough Phone Repairs
0%
Luxe Box
0%
Phone Solutions Repair Centre
0%
Santander
0%
Smart Cut Barber
0%
The Cask Bah
0%
The Extra Care Charitable Trust
0%
TUI
0%
Victoria Cards
0%
Vohra Electronic Cigs
0%
Yakii Express
0%
No matching quizzes found
Score Distribution
Percent of People with Each Score
Percentile by Number Answered
Your Score History
You have not taken this quiz